Sonetos del buen morir / (Record no. 194802)
[ view plain ]
| 000 -LEADER | |
|---|---|
| campo de control de longitud fija | 02421nam a2200325 i 4500 |
| 001 - NÚMERO DE CONTROL | |
| campo de control | 194802 |
| 003 - IDENTIFICADOR DE NÚMERO DE CONTROL | |
| campo de control | ES-MaACL |
| 005 - FECHA Y HORA DE LA ÚLTIMA TRANSACCIÓN | |
| campo de control | 20250530063024.0 |
| 008 - DATOS DE LONGITUD FIJA--INFORMACIÓN GENERAL | |
| campo de control de longitud fija | 240516b2024 sp ||||| |||| 00| 0 spa d |
| 017 ## - NÚMERO DE COPYRIGHT O DE DEPÓSITO LEGAL | |
| Número de copyright o de depósito legal | M 10667-2024 |
| 020 ## - NÚMERO INTERNACIONAL ESTÁNDAR DEL LIBRO | |
| Número Internacional Estándar del Libro | 9788418997679 |
| 040 ## - FUENTE DE CATALOGACIÓN | |
| Lengua de catalogación | spa |
| Centro/agencia transcriptor | ES-MaACL |
| 100 1# - ENTRADA PRINCIPAL--NOMBRE DE PERSONA | |
| 9 (RLIN) | 176407 |
| Nombre de persona | Perán Elvira, Antonio, |
| Fechas asociadas al nombre | 1954- |
| Término indicativo de función/relación | Autor |
| 245 ## - MENCIÓN DEL TÍTULO | |
| Título | Sonetos del buen morir / |
| Mención de responsabilidad, etc. | Antonio Perán Elvira |
| 250 ## - MENCION DE EDICION | |
| Mención de edición | Primera edición: abril 2024 |
| 260 ## - PUBLICACIÓN, DISTRIBUCIÓN, ETC. | |
| Lugar de publicación, distribución, etc. | Madrid : |
| Nombre del editor, distribuidor, etc. | Editorial Cuadernos del Laberinto, |
| Fecha de publicación, distribución, etc. | 2024 |
| 300 ## - DESCRIPCIÓN FÍSICA | |
| Extensión | 134 páginas ; |
| Dimensiones | 22 cm + |
| Material acompañante/anejo | QR para descargar el audiolibro |
| 336 ## - TIPO DE CONTENIDO | |
| Fuente | rdacontent |
| Término de tipo de contenido | texto |
| 337 ## - TIPO DE MEDIO | |
| Fuente | rdamedia |
| Nombre/término del tipo de medio | sin mediación |
| 338 ## - TIPO DE SOPORTE | |
| Fuente | rdacarrier |
| Nombre/término del tipo de soporte | volumen |
| 520 ## - RESUMEN, ETC. | |
| Sumario, etc. | Suenan en este libro todas las músicas que el soneto, con su estructura italiana trasladada a nuestro aire castellano, nos puede entregar; distribuyendo el conjunto en varias partes que denomina invocaciones y que se corresponden con los temas más habituales de la poesía, desde la amada a la muerte, pasando por los cuatro elementos y otros asuntos de la más pura tradición poética.Es decir todo un ejercicio, no sólo de inspiración, sino de trabajo intenso, sabio y concienzudo.<br/>82 sonetos, con un total de 1150 versos y 397 rimas diferentes —con todas las posibilidades habidas y por haber para distribuir los tercetos, mostrar las variadas formas de acentuar los endecasílabos.<br/>En fin, querido lector, que te deseo una agradable y cómplice lectura de este libro —la complicidad en poesía es imprescindible—, y te invito a pasar por sus páginas siguiendo los pasos de su autor que una vez afirmó: «La literatura se funda en la realidad no solo para reproducirla, sino también para recrearla y transcenderla, y la realidad utiliza la literatura para ponerse sus prendas (las que tiene o las que sueña) y mirarse en un espejo real o imaginario».<br/>ENRIQUE GRACIA TRINIDAD |
| 655 #7 - TERMINO DE INDIZACIÓN--GENERO/FORMA | |
| Fuente del término | tgfbne |
| 9 (RLIN) | 176539 |
| Datos o término principal de género/forma | Poesías |
| 852 ## - LOCALIZACIÓN | |
| Ubicación | ES-MaACL |
| Ubicación en estantería | Depósito J |
| Número de control de estantería | N-9951 |
| Donativo/Legado | Donación: Antonio Pérez Elvira |
| Encuadernación | Encuadernación rústica con solapas |
| Anotaciones manuscritas | Dedicatoria autógrafa del autor |
| itemnumber | 205863 |
| 903 ## - NOMBRE PERSONAL DE DONANTE | |
| 9 | 176407 |
| a | Perán Elvira, Antonio, |
| d | 1954- |
| e | Donante |
| 942 ## - ELEMENTOS DE ENTRADA SECUNDARIOS (KOHA) | |
| Tipo de ítem Koha | Libro impreso |
| Suprimir en OPAC | No |
| Estatus retirado | Estado de pérdida | Fuente del sistema de clasificación o colocación | Estado de daño | No para préstamo | Colección | Biblioteca de origen | Biblioteca actual | Ubicación en estantería | Fecha de adquisición | Fuente de adquisición | Total de préstamos | Signatura topográfica completa | Código de barras | Visto por última vez | Precio de reemplazo | Tipo de ítem Koha |
|---|---|---|---|---|---|---|---|---|---|---|---|---|---|---|---|---|
| Clasificación decimal universal | Libros con dedicatorias | Biblioteca del Ateneo de Madrid | Biblioteca del Ateneo de Madrid | Depósito J | 27/05/2025 | Donación | N-9951 | 101230200 | 27/05/2025 | 27/05/2025 | Libro impreso |
